Historia del libro /

Crónica de la evolución, a lo largo de un período de más de cinco mil años, del libro, cuyo autor atiende a su triple condición de vehículo de transmisión cultural, soporte para la expresión artística y objeto material. La narración, que inicia con el rollo de papiro de los egipcios y culmina en el...

Szczegółowa specyfikacja

Zapisane w:
Opis bibliograficzny
1. autor: Dahl, Svend (autor)
Kolejni autorzy: Adell, Alberto (traducción) (traducción)
Format: Książka
Język:hiszpański
Wydane: España : Alianza, 1972, c1972
Seria:(El Libro de Bolsillo ; 373)
Hasła przedmiotowe:
Etykiety: Dodaj etykietę
Nie ma etykietki, Dołącz pierwszą etykiete!

MARC

LEADER 00000nam^a2200000^a^4500
001 000110630
005 20250521000000.0
009 20260310093804.624
037 |a Acervo ITESO - Biblioteca 
041 |a ESP 
082 |a 302. 23209  |b DAH 
100 |a Dahl, Svend  |e (autor) 
245 1 0 |a Historia del libro /  |c S. Dahl ; tr. por A. Adell. 
264 4 |a España :  |b Alianza,  |c 1972, c1972 
300 |a 319 p. 
336 |a texto  |b txt  |2 rdacontenido 
337 |a sin mediación  |b n  |2 rdamedio 
338 |a volumen  |b nc  |2 rdasoporte 
440 4 |a (El Libro de Bolsillo ;  |v 373) 
500 |a Traducción de: Bogens Historie 
520 |a Crónica de la evolución, a lo largo de un período de más de cinco mil años, del libro, cuyo autor atiende a su triple condición de vehículo de transmisión cultural, soporte para la expresión artística y objeto material. La narración, que inicia con el rollo de papiro de los egipcios y culmina en el siglo XX, abarca los procedimientos de reproducción, los materiales escriptóreos, el formato y la encuadernación, la dimensión estética, los sistemas de escritura y los caracteres que sirven para expresarla, la formación de bibliotecas y las modalidades de comercialización y difusión del libro. 
649 |a XX 
650 |a Libros -  |x Historia 
650 |a Comunicación Escrita -  |x Historia 
650 |a Comunicación Verbal -  |x Historia 
650 |a Imprenta -  |x Historia 
650 |a Diseño Editorial -  |x Historia 
650 |a Industria Editorial -  |x Historia 
650 |a Bibliotecas -  |x Historia 
650 |a Bibliología 
700 |a Adell, Alberto  |e (traducción) 
910 |a Fondo Salvador Reynoso Reynoso 
920 |a Impresos - Libros 
930 |a Fondos Especiales 
905 |a 112 
901 |a 0800000455  |b IT2  |c ESP  |u 20250521 
902 |a https://opac.biblio.iteso.mx/vufind/Record/000110630